000 02257nam a2200553Ii 4500
001 DIGSIRLA0291
003 NyNyDIG
008 160331t20132013sp o 000 f spa d
006 m o d
007 cr |||||||||||
035 _a(OCoLC)945876652
040 _aDGITA
_beng
_erda
_epn
_cDGITA
020 _a9788415723981
_q(eBook ;
_qePub)
020 _a8415723989
_q(eBook ;
_qePub)
020 _a9788415723998
_q(eBook ;
_qKindle)
020 _a8415723997
_q(eBook ;
_qKindle)
020 _z9788498418071
020 _z8498418070
041 1 _aspa
_heng
043 _af-so---
050 1 4 _aPR9396.9.F3 eBook
082 0 4 _a823.914
_223
100 1 _aFarah, Nuruddin,
_d1945-
_eauthor.
240 1 0 _aKnots.
_lSpanish
245 1 0 _aNudos /
_cNuruddin Farah ; traducción del inglés de Eugenia Vázquez Nacarino.
250 _aEdición en formato digital.
264 1 _aMadrid :
_bSiruela,
_cenero de 2013.
264 4 _c©2013
300 _a1 online resource.
336 _atext
_btxt
_2rdacontent
337 _acomputer
_bc
_2rdamedia
338 _aonline resource
_bcr
_2rdacarrier
490 1 _aNuevos tiempos ;
_v244
520 _aSet in Mogadiscio, Somalia, this novel breaks new ground and brings the author back to his literary roots. He presents the story of a woman raised in North America who returns to her homeland in a desperate attempt to find herself and reclaim her family's home from the warlord who has taken it.
588 0 _aOnline resource; title from ePub title page (Digitalia, viewed April 1, 2016)
650 0 _aAmericans
_zSomalia
_vFiction.
651 0 _aMogadishu (Somalia)
_vFiction.
650 0 _aReal property
_zSomalia
_vFiction.
655 0 _aElectronic books.
700 1 _aVázquez Nacarino, Eugenia,
_etranslator.
700 1 _iTranslation of:
_aFarah, Nuruddin,
_d1945-
_tKnots.
791 2 _aDigitalia (Firm),
_edistributor.
793 0 _gDigitalia eBook Collection:
_aSiruela
776 0 8 _iPrint version:
_aFarah, Nuruddin, 1945-
_sKnots. Spanish.
_tNudos.
_dMadrid : Siruela, 2013
_z9788498418071
830 0 _aNuevos tiempos (Madrid, Spain) ;
_v244.
856 4 0 _3Digitalia Hispánica
_uhttps://www.digitaliapublishing.com/a/31926/
910 _aPremium Collection: 2016
942 _cRAA
999 _c241049
_d241049